00778nam a2200205 i 4500001000700000003000900007005001700016008004100033080001800074100003400092245011100126250001500237260005200252300002200304490003900326504003200365600003300397830005300430852008900483153365ES-MaACL20250913172448.0180713s1977 sp |||| | spa d a84-323-0258-91 aMaurice, Jacques, d1934-201310aJ. Costa b: crisis de la Restauración y populismo (1875- 1911) /cpor Jacques Maurice y Carlos Serrano. a[1ª ed.]. aMadrid : bSiglo Veintiuno de España, c1977. a246 p. ; c18 cm.1 aEstudios de historia contemporanea aBibliografía: p. 235-238.14aSerrano, Carlos, d1943-200000aEstudios de historia contemporánea (Siglo XXI) aES-MaACLjL-32185 z.- Donat. herederos de la bibl. de Mª del Pilar Costa Palacín